Normal view
MARC view
Entry Nombre personal
001 - NÚMERO DE CONTROL
- campo de control: 9280
003 - IDENTIFICADOR DEL NÚMERO DE CONTROL
- campo de control: BNPHU
005 - FECHA Y HORA DE LA ÚLTIMA TRANSACCIÓN
- campo de control: 20240315194504.0
008 - DATOS DE LONGITUD FIJA
- campo de control de longitud fija: 200615|| aca||aabn | a|a d
010 ## - NÚMERO DE CONTROL DE LA BIBLIOTECA DEL CONGRESO
- Número de control de LC: n 82082109
040 ## - FUENTE DE LA CATALOGACIÓN
- Centro catalogador/agencia de origen: DO-SdBNP
- Lengua de catalogación: spa
- Centro/agencia transcriptor: BNPHU
100 1# - ENCABEZAMIENTO-NOMBRE DE PERSONA
- Nombre de persona: Despradel, Carlos
- Fechas asociadas al nombre: 1942-
370 ## - LUGAR ASOCIADO
- Lugar de nacimiento: República Dominicana
372 ## - CAMPO DE ACTIVIDAD
- Campo de actividad: Presidente del Colegio Dominicano de Economistas
- Campo de actividad: Miembro del Capítulo de Economía de la Academia de Ciencias
- Campo de actividad: Gobernador del Banco Central,
- Campo de actividad: Presidente de la Junta Monetaria
- Campo de actividad: Ministro de Economía
- Campo de actividad: Embajador de la República Dominicana en Washington.
- Campo de actividad: Miembro del Comité de Desarrollo del Banco Mundial y del Fondo Monetario
- Período de inicio: Miembro del Consejo de Asesores Internacionales de la Americas Society.
374 ## - OCUPACIÓN
- Ocupación: Economista
375 ## - GÉNERO/SEXO
- Género/Sexo: Masculino
377 ## - LENGUA/LENGUAJE ASOCIADO
- Código del idioma: spa
- Término de lengua/lenguaje: Español
400 1# - TRAZADO DE VÉASE--NOMBRE DE PERSONA
- Nombre de persona: Despradel, C.
670 ## - FUENTE DE DATOS ENCONTRADOS
- Cita de la fuente: Work cat.: (OSt)2756: Las zonas francas industriales :, 1989.
670 ## - FUENTE DE DATOS ENCONTRADOS
- Cita de la fuente: Trayectoria de un pensamiento económico, 1981:
